00277nam a22000977a 4500008004100000082001500041100000800056245009300064260001400157300000800171230703b xxu||||| |||| 00| 0 eng d a352.4bGOK cGOK aEstimates of Revenue of Revenue and Expenditure of the Road Authority for the Year 1952 bGOKc1952 a25p